000 01781nam a22004577a 4500
003 OSt
005 20230322091255.0
008 221006b |||||||| |||| 00| 0 eng d
040 _cBiblioteca Lado V
082 _a701.1
_bS744a
100 _9795
_aSrendni de Birbragher, Celia
_eeditora
_edirectora
245 _aArtNexus/
260 _bAsociación de Revistas Culturales
_c2017
_aU.S.A.
_aColombia
300 _c24x30cm
_a129p.
366 _eeng
490 _a106
_vSeptiembre-Noviembre
_v2017
_x0120 713 X
505 _tFrida Baranek
_aIncertidumbre vital
505 _tVenecia 2017
_aUna bienal de manual
505 _tEl asombroso de Nicolas Franco
505 _tDocumenta 14
_aAprender de Atenas
505 _tEl coleccionismo de arte en un mundo global (y otras dificultades) II
505 _tFotografia Bogota 2017
505 _tAdrian Villar Rojas
_gMetropolitan Museum - Met
505 _tMagali Lara
_aEl arte de la tranquilidad
_uTraducido del portugués
505 _tCrónicas individuales
505 _tColectivas
505 _tGuía de Galerías y Museos
505 _tLIbros y Catalogos
505 _tLibros para la Venta
505 _tReseña de libros
650 _2Tesauro de Arte & Arquitectura
_aARTE
_9703
650 _2Tesauro de Arte & Arquitectura
_aEXPOSICIONES
650 _2Tesauro de Arte & Arquitectura
_aBIENAL
650 _2Tesauro de Arte & Arquitectura
_aAPRECIACION
650 _2Tesauro de Arte & Arquitectura
_aTEORIA
650 _2Tesauro de Arte & Arquitectura
_aCRITICA
650 _2Tesauro de Arte & Arquitectura
_aFOTOGRAFIA
_9702
650 _2Tesauro de Arte & Arquitectura
_aLITERATURA
651 _2Tesauro de Arte & Arquitectura
_aCOLOMBIA
942 _2ddc
_c1
_h701.1
_iS744a
_n0
999 _c3247
_d3247